00769nam a2200181 a 450000100100000000500170001000800410002704000250006808200150009310000360010824501670014426000410031130000210035270000440037370000390041795201140045699900170057000003633820200930075657.0120113s1959 sp 000 0 spa d aDO-SdBNPbspacBNPHU axxxbS229a1 aSansón-Terán, José96250613aEl arbitraje internacional y la controversia de límites entre Nicaragua y Honduras /cJosé Sansón-Terán ; prologo Camilo Barcia Trelles, Philip C. Jessup. aBarcelona :bHispano Europea,c1959. a579 p. ;c21 cm.1 aBarcia Trelles, Camilo,epról.9625071 aJessup, Philip C.,epról.962508 0010507-18MOaGRbGRcOId2012-01-13iLF1l0oxxx S229ap36339-10r2020-06-25w2020-06-25y1ZNo se presta c35829d35829